Joueurs passés par le FC Barcelone - Statistiques

Statistiques générales
  • Ce quiz a été pris 209 fois
    19 depuis la dernière actualisation
  • Le résultat moyen est 9 sur 15
Answers on the Grid
Answers color-coded by a green-red scale on the quiz's grid according to % correct below.
Martin Zubimendi
Iago Aspas
Eden Hazard
Mikel Oyarzabal
Alvaro Morata
Fernando Torres
Pedri
Xavi Hernandez
Lionel Messi
Lamine Yamal
Oriol Romeu
Désire Doué
Marc Bernal
Jofre Torrents
Achraf Hakimi
Vitor Roque
Neymar Jr
Xavi Simons
Hugo Ekitike
Dro Fernandez
Thiago Alcántara
Renato Marin
Frenkie de Jong
Luuk de Jong
Riqui Puig
Renato Sanches
Mason Greenwood
Jerome Boateng
Kevin Prince Boateng
Gonzalo Higuain
 
Statistiques - réponses
Réponse % Correct
Lionel Messi
92%
Neymar Jr
85%
Lamine Yamal
77%
Pedri
77%
Vitor Roque
77%
Xavi Hernandez
77%
Marc Bernal
69%
Oriol Romeu
69%
Riqui Puig
62%
Dro Fernandez
54%
Frenkie de Jong
46%
Luuk de Jong
46%
Thiago Alcántara
46%
Kevin Prince Boateng
38%
Jofre Torrents
31%
Aucun quiz correspondant
Distribution des résultats
% des personnes avec chaque résultat
Percentile par nombre de réponses
Votre historique - résultats
Vous n’avez pas pris ce quiz depuis la dernière actualisation